I Want To Break Free - Lyrics Quiz - Statistics

General Stats
  • This quiz has been taken 82 times
  • The average score is 22 of 28
Answer Stats
Lyric % Correct
I've got to {break} {free}.
98%
I've got to {break} {free}
98%
I want, I want, I want to {break} {free}
98%
I want to {break} {free}
98%
I want to {break} {free}
98%
Oh how I want to {break} {free}
98%
I've fallen {in} {love}
93%
I've fallen {in} {love}, yeah
93%
Oh how I want to be {free},
88%
Oh how I want to be {free}, Baby
88%
But {life} still goes on
85%
I {want} to break free, Yeah
83%
I've {got} {to} break free
80%
I can't get over the way you {love} me like you do
78%
{God knows}, {God knows} I've fallen in love.
76%
{God knows}, {God knows} I want to break free.
76%
When I walk out that {door}
76%
And this time I know it's {for} {real}
68%
God knows, got to make it on {my} {own}
66%
I can't get used to, {living without}, {living without},
63%
{Living without} you by my side
63%
It's {strange} but it's true
59%
I've fallen {in} {love} for the {first} {time}
59%
But I have to be {sure}
56%
I want to break free from your {lies}
56%
So {baby} can't you see
56%
I don't want to live {alone}, hey
54%
You're so {self} {satisfied} I don't need you
54%
No matching quizzes found
Score Distribution
Percent of People with Each Score
Percentile by Number Answered
Your Score History
You have not taken this quiz